Маите (Запис номер 110384)
[ съкратено ]
| 000 -Лидер | |
|---|---|
| Контролно поле с фиксирана дължина | 01809nam a2200373 c 4500 |
| 003 - Код на организацията, давaща контролен номер | |
| Контролно поле | BLK |
| 005 - Дата и час на последна редакция | |
| Контролно поле | 20180422105947.0 |
| 008 - Елементи от данни с фиксирана дължина | |
| fixed length control field | 180409b bul|||||r ||||||| ||bul|| |
| 010 ## - Наследен системен номер | |
| LC control number | KNG00115709000 |
| 020 ## - Международен стандартен номер на книга ISBN | |
| Международен стандартен номер на книга ISBN | 954-584-335-7 |
| -- | издат.: Мария Арабаджиева |
| 040 ## - Източник на каталожния запис | |
| Идентификатор на билиотеката - собственик на записа | BLK |
| 041 ## - Код за език | |
| Код за езика на текст/звукозапис или на отделно заглавие | Български |
| Код за езика КДБФ | Български |
| 080 ## - УДК | |
| Текстов определител УДК | История на Мексико |
| УДК код - определител по УДК | 972 |
| УДК определител | |
| УДК - код + определител | 972 |
| 100 1# - Редна дума - Автор | |
| Автор | Гуляев, Валерий Иванович |
| Авторска отговорност | първи автор |
| R(LIN) | 311804 |
| 139 ## - Редно поле | |
| Редна дума | Гуляев, Валерий Иванович |
| Авторски знак | Гул - Г 92 |
| 245 10 - Сведения за заглавието | |
| Заглавие | Маите |
| Подзаглавни данни | Тайните на изчезналата цивилизация |
| Редно поле (дума) | Валерий Иванович Гуляев; прев. Мария Арабаджиева. |
| 257 ## - Страна на издаване | |
| Страна на създаване/издаване | Русия |
| 260 ## - Област на издателските данни | |
| -- | София |
| Име на издателя, разпространителя и проч. | Мария Арабаджиева |
| Година на издаване | 2004 |
| Печатница | София : Балканпрес |
| 300 ## - Физическа характеристика | |
| Страници | 256 с. |
| Илюстрации и др. | с ил. |
| Размери/Мащаб | 21 см |
| 380 ## - Жанр | |
| Жанр | История |
| 490 1# - СЕРИИ (Колекции) | |
| Име на серия | Encyclopaedia Universalis |
| 490 1# - СЕРИИ (Колекции) | |
| -- | Подсерия |
| Име на серия | Корпус Пътешествия и открития |
| 500 ## - Общи забележки | |
| Забележка | Без сведение за ориг. загл. - Съдържа и Периоди на развитие, хронология на цивилизацията на маите ; Кратка история на маите ; Владетели, богове на маите ; Календар, писменост на маите / Мария Арабаджиева. - Офс. изд. |
| 650 #4 - Допълнително описание по предмет – тема | |
| Основно описание – тема или топоним | Маи - история и култура |
| 9 (RLIN) | 261762 |
| 653 ## - Ключова дума – ненормативна | |
| Ключова дума | маи |
| 653 ## - Ключова дума – ненормативна | |
| Ключова дума | история |
| 653 ## - Ключова дума – ненормативна | |
| Ключова дума | цивилизации |
| 700 1# - Други автори (авторска отговорност) | |
| Лично име | Арабаджиева, Мария |
| Автороска отговорност (Описва отношението между автора и произведението) | прев. |
| 9 (RLIN) | 367954 |
| 852 ## - Местоположение | |
| Форматна сигнатура | Цб 221321 |
| 856 4# - Електронен адрес и достъп | |
| Електронен формат | pdf - файл |
| Път до файла /url/ | |
| 856 4# - Електронен адрес и достъп | |
| Електронен формат | pdf - файл |
| Път до файла /url/ | |
| 942 ## - АРТИКУЛИ | |
| Вид на библиотечния материал | Книги |
| Скрит в OPAC | Не |
| 944 ## - СЪЗДАВАНЕ И РЕДАКЦИЯ на ЗАПИСА | |
| Създаване/Редакция | Създаване |
| Дата на регистрацията/редакция | 20.10.2004 |
| Служител, извършил регистрацията/редакцията | Геновева_Генчева |
| 944 ## - СЪЗДАВАНЕ И РЕДАКЦИЯ на ЗАПИСА | |
| Създаване/Редакция | Редакция |
| Дата на регистрацията/редакция | 16.03.2007 |
| Служител, извършил регистрацията/редакцията | |
| 999 ## - СИСТЕМНИ КОНТРОЛНИ НОМЕРА | |
| Koha biblionumber | 110384 |
| Koha biblioitemnumber | 110384 |
| Код за отписване | Код за изгубен артикул | Код за повреда | Коз за рестрикции | Код за отдаване | Артикулен № | Име на библиотеката - собственик | Име на библиотеката, в която се намира в момента | Статус (Текущо местоположение) | Дата на вписване в системата | Местоположение - отдел | Цена в лева | Инвентарен номер | Систематично азбучна сигнатура | Баркод | Номер на екземпляра | Цена в евро | Служебна бележка | Служебен тип на артикула |
|---|---|---|---|---|---|---|---|---|---|---|---|---|---|---|---|---|---|---|
| Не е изгубен | Не е повреден | без рестрикции | ползва се в читалня | 177655 | Регионална библиотека "Любен Каравелов" Русе | Регионална библиотека "Любен Каравелов" Русе | Хранилище | 2004-10-20 | Основен фонд - ползва се само за читалня | 7.00 | 120000689468 | Цб 221321 | 120000689468 | 1 | 3.58 | Дост: Pk Вид: Ф N: 31 Дата: 20.10.2004 | Книги |